000 00727nam a2200241 a 4500
008
020 _a0582086574 (pbk.)
049 _aMAIN
090 _aQK882
_bLAW
100 1 _aLawlor, D. W.
245 1 0 _aPhotosynthesis :
_bmolecular, physiological, and environmental processes /
_cD.W. Lawlor.
250 _a2nd ed.
260 _aHarlow :
_bLongman Scientific & Technical ,
_c1993.
300 _aviii, 318 p. :
_bill. ;
_c24 cm.
504 _aIncludes bibliographical references.
500 _aIncludes index.
650 0 _aPhotosynthesis.
907 _a.b10055186
_b23-04-12
_c17-04-03
003
005 20230123133231.0
040 _cNUST
942 _cBOOKS
_kQK882
_mLAW
999 _c145058
_d145058